Loading...
| Science - Physics | 0 | 10 | 1 | 2 | 95 | 75 | 106.80 | 0 | 2 | 11.27 | 32.84 |
| Fine Arts - Classical Music | 0 | 11 | 5 | 0 | 85 | 12 | 99.09 | 1 | 5 | 19.18 | 37.73 |
| Social Science | 0 | 6 | 0 | 1 | 60 | 73 | 109.83 | 0 | 1 | 5.27 | 19.26 |
| Science - Other | 0 | 7 | 2 | 0 | 60 | 64 | 91.00 | 1 | 2 | 12.48 | 26.86 |
| Fine Arts - Other | 0 | 3 | 0 | 1 | 30 | 126 | 136.33 | 0 | 0 | 0.77 | 5.40 |
| Fine Arts - Painting & Sculpture | 0 | 3 | 0 | 1 | 30 | 119 | 135.33 | 0 | 0 | 0.54 | 5.46 |
| Other Academic | 0 | 2 | 0 | 1 | 20 | 112 | 123.50 | 0 | 0 | 2.21 | 9.19 |
| Science - Chemistry | 0 | 1 | 0 | 0 | 10 | 122 | 122.00 | 0 | 0 | 0.40 | 4.17 |
| Literature - British | 0 | 1 | 0 | 0 | 10 | 137 | 137.00 | 0 | 0 | 0.40 | 3.68 |
| History - American | 0 | 1 | 0 | 0 | 10 | 122 | 122.00 | 0 | 0 | 0.49 | 0.93 |
| Literature - World | 0 | 1 | 0 | 0 | 10 | 135 | 135.00 | 0 | 0 | 0.00 | 0.93 |
| Science - Biology | 0 | 1 | 0 | 0 | 10 | 98 | 98.00 | 0 | 0 | 1.41 | 3.19 |